Đức Giê- Su : cuộc đời và thời đại
Cuốn sách cung cấp kiến thức lý thú về xã hội Do Thái thời Đức Giê-Su, trình bày cuộc đời và hành trạng của Ngài trong mối liên hệ chặt chẽ với bối cảnh lịch sử toàn diện đương thời: đế quốc La Mã, nền văn minh Hy-La; nước Do Thái,...
Bewaard in:
| Formaat: | Boek |
|---|---|
| Taal: | Undetermined |
| Gepubliceerd in: |
Hà Nội
Văn hóa Thông tin
2003
|
| Onderwerpen: | |
| Tags: |
Voeg label toe
Geen labels, Wees de eerste die dit record labelt!
|
| Thư viện lưu trữ: | Trung tâm Học liệu Trường Đại học Cần Thơ |
|---|
| LEADER | 01076nam a2200205Ia 4500 | ||
|---|---|---|---|
| 001 | CTU_92235 | ||
| 008 | 210402s9999 xx 000 0 und d | ||
| 020 | |c 55000 | ||
| 082 | |a 230 | ||
| 082 | |b Đ552 | ||
| 245 | 0 | |a Đức Giê- Su : | |
| 245 | 0 | |b cuộc đời và thời đại | |
| 245 | 0 | |c Charles Bricket,...[et al.] ; Nguyễn Ước dịch | |
| 260 | |a Hà Nội | ||
| 260 | |b Văn hóa Thông tin | ||
| 260 | |c 2003 | ||
| 520 | |a Cuốn sách cung cấp kiến thức lý thú về xã hội Do Thái thời Đức Giê-Su, trình bày cuộc đời và hành trạng của Ngài trong mối liên hệ chặt chẽ với bối cảnh lịch sử toàn diện đương thời: đế quốc La Mã, nền văn minh Hy-La; nước Do Thái, đặc điểm của các chi phái Do Thái giáo cùng những cội rễ Do Thái của đạo Ki-tô | ||
| 650 | |a Chiristianity | ||
| 904 | |i Mai Loan, H.Mai | ||
| 980 | |a Trung tâm Học liệu Trường Đại học Cần Thơ | ||